00546 a2200169 4500010001400000020002300014035001300037037001400050082000800064100002000072245008800092260006600180300003100246500005000277650002500327650002400352 aENG-86314 a817214878Xc200.00 aEN-69847 bDBAD/ PUB14a2901 aHenry, Sarojini1 aThe encounter of faith and science in inter-religious dialogue /cby Sarojini Henry aDelhibIndian Society for Promoting Christian Knowledgec2005 axix, 221 p. c23 cm. (Pbk) aIncludes bibliographical references and index 0aReligion and science 0aReligious pluralism